European or North American Bird? - Statistics

General Stats
  • This quiz has been taken 88 times
  • The average score is 10 of 15
Answer Stats
Question Answer % Correct
Northern cardinal (Cardinalis cardinalis) North America
90%
Common Raven (Corvus corax) Both
86%
Mallard (Anas platyrhynchos) Both
76%
Red-tailed hawk (Buteo jamaicensis) North America
75%
Hawfinch (Coccothraustes coccothraustes) Europe
71%
Evening grosbeak (Hesperiphona vespertina) North America
69%
Fieldfare (Turdus pilaris) Europe
67%
Common starling (Sturnus vulgaris) Both
64%
Tufted titmouse (Baeolophus bicolor) North America
64%
Great tit (Parus major) Europe
61%
Eastern phoebe (Sayornis phoebe) North America
56%
Yellowhammer (Emberiza citrinella) Europe
53%
Great spotted woodpecker (Dendrocopos major) Europe
53%
Northern nutcracker (Nucifraga caryocatactes) Europe
44%
Mute swan (Cygnus olor) Both
38%
No matching quizzes found
Score Distribution
Percent of People with Each Score
Percentile by Number Answered
Your Score History
You have not taken this quiz